Skip to main content
Your cart is empty.
Your lists
Log in to create your own lists
Your cookies
العربية
English
العربية
Home
Search
Advanced search
Authority search
About
The noble scholar, jurist, historian
His Excellency Dr. Abdul Wahhab bin Ibrahim Abu Sulaiman, may Allah have mercy on him.
He was born in Umm Al-Qura in the year 1356 AH.
Library catalog
Title
Author
Subject
ISBN
ISSN
Series
Call number
Log in to your account
×
Login:
Password:
Home
MARC view: اتفاقية بين حكومة المملكة العربية السعودية وبين شركة أوكسيليير دي لاربيجي أوتونوم ديه بترول (أوكسيراب) /
Normal view
MARC view
ISBD view
اتفاقية بين حكومة المملكة العربية السعودية وبين شركة أوكسيليير دي لاربيجي أوتونوم ديه بترول (أوكسيراب) / (Record no. 13447)
[
view plain
]
MARC details
000 -LEADER
fixed length control field
01438cam a22003011i 4500
003 - CONTROL NUMBER IDENTIFIER
control field
SA-RiAUC
005 - DATE AND TIME OF LATEST TRANSACTION
control field
20251203130149.0
008 - FIXED-LENGTH DATA ELEMENTS--GENERAL INFORMATION
fixed length control field
251128s1968____su f z f000r0 ara c
040 ## - CATALOGING SOURCE
Original cataloging agency
SA-RiIMS
Language of cataloging
ara
Transcribing agency
SA-RiAUC
Description conventions
rda
041 1# - LANGUAGE CODE
Language code of text/sound track or separate title
ara
--
eng
043 ## - GEOGRAPHIC AREA CODE
Geographic area code
a-su---
082 04 - DEWEY DECIMAL CLASSIFICATION NUMBER
Classification number
338.2728209531
Assigning agency
SA-RiAUC
090 ## - LOCALLY ASSIGNED LC-TYPE CALL NUMBER (OCLC); LOCAL CALL NUMBER (RLIN)
Classification number (OCLC) (R) ; Classification number, CALL (RLIN) (NR)
338.2728209531
Local cutter number (OCLC) ; Book number/undivided call number, CALL (RLIN)
س ع و
110 1# - MAIN ENTRY--CORPORATE NAME
Corporate name or jurisdiction name as entry element
السعودية
Relator term
مؤلف.
240 10 - UNIFORM TITLE
Uniform title
معاهدات، إلخ.
245 10 - TITLE STATEMENT
Title
اتفاقية بين حكومة المملكة العربية السعودية وبين شركة أوكسيليير دي لاربيجي أوتونوم ديه بترول (أوكسيراب) /
Statement of responsibility, etc.
وزارة البترول والثروة المعدنية.
264 #1 - PRODUCTION, PUBLICATION, DISTRIBUTION, MANUFACTURE, AND COPYRIGHT NOTICE
Place of production, publication, distribution, manufacture
مكة المكرمة :
Name of producer, publisher, distributor, manufacturer
مطبعة الحكومة،
Date of production, publication, distribution, manufacture, or copyright notice
[1968]
300 ## - PHYSICAL DESCRIPTION
Extent
42، 32 صفحة ؛
Dimensions
24 سم
336 ## - CONTENT TYPE
Content type term
نص
Content type code
txt
Source
rdacontent
Materials specified
كتاب
337 ## - MEDIA TYPE
Media type term
بدون وسيط
Media type code
n
Source
rdamedia
338 ## - CARRIER TYPE
Carrier type term
مجلد
Carrier type code
nc
Source
rdacarrier
546 ## - LANGUAGE NOTE
Language note
النص باللغتين العربية والإنجليزية.
650 #7 - SUBJECT ADDED ENTRY--TOPICAL TERM
Topical term or geographic name entry element
البترول
General subdivision
جوانب اقتصادية
--
معاهدات
Geographic subdivision
السعودية
Source of heading or term
aucsh
710 2# - ADDED ENTRY--CORPORATE NAME
Corporate name or jurisdiction name as entry element
أوكسيليير دي لاربيجي أوتونوم ديه بترول (شركة)
Title of a work
معاهدات، إلخ.
710 1# - ADDED ENTRY--CORPORATE NAME
Corporate name or jurisdiction name as entry element
السعودية.
Subordinate unit
وزارة البترول والثروة المعدنية
Relator term
مؤلف.
942 ## - ADDED ENTRY ELEMENTS (KOHA)
Source of classification or shelving scheme
Dewey Decimal Classification
Koha item type
Books
Suppress in OPAC
No
949 ## - LOCAL PROCESSING INFORMATION (OCLC)
a
SA-JeALM
d
251128
u
mohamedma123
n
1
Holdings
Withdrawn status
Lost status
Source of classification or shelving scheme
Damaged status
Not for loan
Home library
Current library
Date acquired
Total checkouts
Full call number
Barcode
Date last seen
Price effective from
Koha item type
Dewey Decimal Classification
DR AbdElwahab Library
DR AbdElwahab Library
12/03/2025
338.2728209531 س ع و
000021470
12/03/2025
12/03/2025
Books
Place hold
Print
Add to your cart
(remove)
Save record
BIBTEX
Dublin Core
MARCXML
MARC (non-Unicode/MARC-8)
MARC (Unicode/UTF-8)
MARC (Unicode/UTF-8, Standard)
MODS (XML)
RIS
ISBD
More searches
Search for this title in:
Other Libraries (WorldCat)
Other Databases (Google Scholar)
Online Stores (Bookfinder.com)
Open Library (openlibrary.org)
Exporting to Dublin Core...
×
Simple DC-RDF
OAI-DC
SRW-DC